|
|
|
|
| LEADER |
01314nam a22002657a 4500 |
| 001 |
AAL7022 |
| 003 |
BD-DhAAL |
| 005 |
20240701162534.0 |
| 008 |
160508s 1998nyua|||| |||| 00| 0 eng d |
| 020 |
|
|
|a 0026408686
|
| 040 |
|
|
|a BD-DhAAL
|c BD-DhAAL
|
| 082 |
|
|
|a 418
|2 22
|
| 100 |
|
|
|a Schmitt, Conrad J
|9 19444
|
| 245 |
|
|
|a Invitation to languages :
|b foreign language exploratory program /
|c Conrad J Schmitt.
|
| 260 |
|
|
|a New York :
|b Glencoe McGraw-Hill,
|c 1998.
|
| 300 |
|
|
|a vi, 298 pages :
|b illustrations ;
|c 27 cm
|
| 541 |
|
|
|e 7022, 42672
|a Donation from the Asia Foundation/ Savar Campus
|
| 650 |
|
|
|a Language and languages
|x Foreign words and phrases.
|9 19445
|
| 650 |
|
|
|a Language and languages
|x Study and teaching (Elementary).
|9 56550
|
| 650 |
|
|
|a Language and languages
|x Foreign elements.
|9 56551
|
| 852 |
|
|
|a Savar Campus Library
|c General Shelf
|
| 942 |
|
|
|2 ddc
|c BK
|
| 999 |
|
|
|c 37532
|d 37532
|
| 952 |
|
|
|0 0
|1 0
|2 ddc
|4 0
|6 418_000000000000000_SCH
|7 0
|9 58937
|a SCL
|b SCL
|c GEN
|d 2016-05-08
|e Gift: The Asia Foundation
|l 0
|o 418 SCH
|p 3020007022
|r 2016-05-08
|t 1
|w 2016-05-08
|y BK
|
| 952 |
|
|
|0 0
|1 0
|2 ddc
|4 0
|6 418_000000000000000_SCH
|7 0
|9 75643
|a SCL
|b SCL
|c GEN
|d 2024-06-12
|e Donation from the Asia Foundation/ Savar Cumpus
|l 0
|o 418 SCH
|p 3020042672
|r 2024-06-12
|t 2
|w 2024-06-12
|y BK
|x Donation from the Asia Foundation/ Savar Campus
|